000 00745nam a2200217 a 4500
008 951027s1990||||[C 0 slo c
020 _a8085174480
_c26 Kčs.
_q(16000 výtl.)
040 _aSNK
_bslo
_cSNK
_eAACR2
041 1 _aslo
_hhun
044 _axo
_cSK
080 _a894.511-3
100 1 _aMattyasovszky, Jenő
_4aut
245 1 0 _aTajná úloha
_bKriminálny román
_cJenő Mattyasovszky ; Katarína Králová, Pavol Rozložník
250 _a1., vyd.
260 _aKošice
_b+Východoslovenské vydavateľstvo
_c1990
_eKošice
_fVýchodoslovenské tlačiarne
300 _a184 s., 11,16 AH
_c20 cm
500 _aIlustr. na tit. liste a front.
700 1 _aKrálová, Katarína
_4trl
700 1 _aRozložník, Pavol
_4bkd
958 _aA
999 _c12185
_d12185